=LDR 00000nam 2200000 4500 =001 INLIS000000000026812 =005 20130612125231 =008 ***********************************ind** =035 ##$$0010-061300000026812 =041 ##$$a ind =082 ##$$a 915 =090 ##$$a 915, MUH a =100 ##$$a Muhammad, Tio =245 ##$$a Asia pasifik dan oseania, oleh Tio Muhammad; editor, Anang SW =260 ##$$a 2006 $b Bandung =300 ##$$a iv, 28 hlm., ilus., 23 cm =650 ##$$a Geografi Asia =700 ##$$a Anang, SW =850 ##$$a NBPNMAT